00655nam a2200157Ia 4500008004100000100003800041245016100079245003800240260005900278260000900337650001800346650001500364856002600379999001900405952007300424170221s9999 xx 000 0 und d aHenrique Barros de Cerqueira Paes aInvestigation Into Stakeholders’ Influence on The Environmental Strategies of Oil Companies - A Case Study of PetrobrasHenrique Barros de Cerqueira Paes  cHenrique Barros de Cerqueira Paes bOnline Journal of Communication and Media Technologies c2015 xCommunication xMedia Arts uhttp://www.ojcmt.net/ c309215d309215 001040aCLbCLd2017-02-21l0r2017-02-21 00:00:00w2017-02-21yFOJ